|
|
|
|
| LEADER |
01009nam a2200265 a 4500 |
| 001 |
1382399 |
| 008 |
091230s1979 enka b 001 0 eng d |
| 010 |
|
|
|a 81450294
|
| 020 |
|
|
|a 0861040694
|
| 020 |
|
|
|a 0861040686 (pbk.)
|
| 040 |
|
|
|a DLC
|c DLC
|d DLC
|d BD-DhAAL
|
| 082 |
0 |
0 |
|a 300/.72
|2 19
|
| 245 |
0 |
0 |
|a Demystifying social statistics /
|c edited by John Irvine, Ian Miles, and Jeff Evans.
|
| 260 |
|
|
|a London :
|b Pluto Press,
|c 1979.
|
| 300 |
|
|
|a x, 390 p. :
|b ill. ;
|c 21 cm.
|
| 504 |
|
|
|a Includes bibliographies and index.
|
| 541 |
1 |
|
|e 00000509
|
| 650 |
|
0 |
|a Social sciences
|x Statistical methods.
|
| 650 |
|
0 |
|a Social sciences
|x Research.
|
| 700 |
1 |
|
|a Irvine, John,
|d 1951-
|
| 700 |
1 |
|
|a Miles, Ian.
|
| 700 |
1 |
|
|a Evans, Jeff,
|d 1944-
|
| 852 |
4 |
|
|a Ayesha Abed Library
|j General shelf
|
| 999 |
|
|
|c 6519
|d 6519
|
| 952 |
|
|
|0 0
|1 0
|2 ddc
|4 0
|6 300_720000000000000_DEM_1979
|7 0
|9 6618
|a BRACUL
|b BRACUL
|c GEN
|d 2009-12-30
|g 0.00
|l 0
|o 300.72 DEM
|p 3010000509
|r 2009-12-30
|t 1
|w 2009-12-30
|y BK
|x No price found in the accession register.
|